[Event "Championnat de France Accession 2011"]
[Site "Caen"]
[Date "2011.08.24"]
[Round "8.7"]
[White "Favarel, Julien"]
[Black "Dubessay, Bastien"]
[Result "0-1"]
[WhiteElo "2222"]
[BlackElo "2310"]
[PlyCount "60"]
[EventDate "2011.??.??"]

1. c4 Nf6 2. g3 g6 3. Bg2 d5 4. cxd5 Nxd5 5. Nc3 Nxc3 6. bxc3 Bg7 7. Nf3 O-O 8.
O-O c5 9. Qa4 Nc6 10. Rb1 Qc7 11. d3 Bxc3 12. Be3 Qd6 13. Rfc1 Nd4 14. Kf1 b5
15. Qd1 b4 16. Bf4 e5 17. Bxe5 Qe7 18. Nxd4 cxd4 19. Bxd4 Bxd4 20. Rc4 Qf6 21.
Rxd4 Qxd4 22. Bxa8 Be6 23. e3 Qd6 24. Bf3 Bxa2 25. Rb2 b3 26. Qd2 a5 27. d4 a4
28. e4 a3 29. Rxa2 bxa2 30. Qxa2 Qb4 0-1

[Event "Championnat de France Accession 2011"]
[Site "Caen"]
[Date "2011.08.24"]
[Round "8.8"]
[White "Saada, Julien"]
[Black "Loiseau, Quentin"]
[Result "1-0"]
[WhiteElo "2310"]
[BlackElo "2142"]
[PlyCount "149"]
[EventDate "2011.??.??"]

1. d4 d5 2. c4 e6 3. Nf3 Nf6 4. Bg5 Be7 5. cxd5 exd5 6. Nc3 c6 7. Qc2 Na6 8. e3
Nb4 9. Qd2 Bf5 10. Rc1 Ne4 11. Bxe7 Qxe7 12. Nxe4 dxe4 13. Rc5 Nd5 14. Ng1 O-O
15. Ne2 Qd7 16. Nc3 b6 17. Rc4 Nf6 18. Be2 Be6 19. Ra4 Rfd8 20. O-O c5 21. Rd1
Qb7 22. Ba6 Qc6 23. Qc2 Bf5 24. h3 h6 25. Bf1 Bg6 26. dxc5 Qxc5 27. Rxa7 Rac8
28. Qb3 Bh5 29. Be2 Rxd1+ 30. Bxd1 Rd8 31. Bxh5 Qxh5 32. Qc2 Qc5 33. Qe2 Qc6
34. Ra4 b5 35. Rb4 Rd3 36. Nxe4 Qc1+ 37. Kh2 Nxe4 38. Rxe4 Rd2 39. Re8+ Kh7 40.
Qxb5 Qc7+ 41. f4 Qc2 42. Qb7 Qxb2 43. Qe4+ g6 44. a4 Qf6 45. Qe5 Qxe5 46. Rxe5
Ra2 47. a5 h5 48. Kg3 Ra3 49. Kf3 Kg7 50. g4 f6 51. Re7+ Kh6 52. Ra7 hxg4+ 53.
hxg4 g5 54. fxg5+ Kxg5 55. Rh7 Kg6 56. Rh5 Ra4 57. Rb5 Ra2 58. e4 Ra3+ 59. Kf4
Ra1 60. Ke3 Ra4 61. Kd3 Kf7 62. g5 fxg5 63. Rxg5 Kf6 64. Rb5 Ke6 65. Rd5 Ra3+
66. Kd4 Ra4+ 67. Ke3 Ra1 68. Rh5 Kf6 69. Kd4 Ra4+ 70. Kd3 Ra3+ 71. Kc4 Ra4+ 72.
Kb5 Rxe4 73. a6 Re1 74. a7 Rb1+ 75. Ka6 1-0

[Event "Championnat de France Accession 2011"]
[Site "Caen"]
[Date "2011.08.24"]
[Round "8.9"]
[White "Bellahcene, Bilel"]
[Black "Velten, Paul"]
[Result "1/2-1/2"]
[WhiteElo "2231"]
[BlackElo "2309"]
[PlyCount "141"]
[EventDate "2011.??.??"]

1. Nf3 Nf6 2. g3 b6 3. Bg2 Bb7 4. d4 e6 5. O-O Be7 6. c4 O-O 7. d5 Qc8 8. Nc3
Bb4 9. Bd2 c6 10. a3 Bxc3 11. Bxc3 cxd5 12. Bxf6 gxf6 13. cxd5 Bxd5 14. Qd4 Qd8
15. e4 Bc6 16. Rfd1 Qe7 17. e5 f5 18. Rac1 Bd5 19. Qf4 Nc6 20. Nd4 Bxg2 21.
Kxg2 Rac8 22. Nxc6 dxc6 23. Rd6 c5 24. Rcd1 Rc7 25. Qa4 c4 26. Qb4 Rfc8 27. h4
Kg7 28. Qd2 h6 29. Qc3 Qe8 30. Kh2 Qb5 31. g4 Qb3 32. gxf5 Qxc3 33. bxc3 exf5
34. Kg3 Rc5 35. Kf4 Re8 36. R1d5 Rxd5 37. Rxd5 Kg6 38. h5+ Kg7 39. Kxf5 Re7 40.
f4 Rb7 41. a4 a6 42. Rd6 a5 43. Rc6 b5 44. axb5 Rxb5 45. Rxc4 Rb1 46. Ra4 Rc1
47. c4 Rh1 48. Rxa5 Rxh5+ 49. Ke4 Rh1 50. Ra2 Rc1 51. Rg2+ Kf8 52. Kf5 Rxc4 53.
Rd2 Kg7 54. Rd7 Rc6 55. Rd4 Rc1 56. Ra4 Re1 57. Ra2 Rg1 58. Re2 Rg6 59. Rh2 Ra6
60. Rg2+ Rg6 61. Rd2 Ra6 62. Rd4 Rb6 63. Ke4 Rb1 64. f5 Re1+ 65. Kd5 Rf1 66.
Rg4+ Kf8 67. f6 Rd1+ 68. Ke4 Re1+ 69. Kf5 Rf1+ 70. Ke4 Re1+ 71. Kf5 1/2-1/2

[Event "Championnat de France Accession 2011"]
[Site "Caen"]
[Date "2011.08.24"]
[Round "8.10"]
[White "Coursaget, Nicolas"]
[Black "Fayard, Alain"]
[Result "1/2-1/2"]
[WhiteElo "2307"]
[BlackElo "2219"]
[PlyCount "73"]
[EventDate "2011.??.??"]

1. d4 Nf6 2. Nf3 e6 3. c4 Bb4+ 4. Bd2 Qe7 5. Nc3 O-O 6. a3 Bxc3 7. Bxc3 Ne4 8.
Qc2 Nxc3 9. Qxc3 d6 10. e4 e5 11. dxe5 dxe5 12. Qxe5 Qxe5 13. Nxe5 Re8 14.
O-O-O Kf8 15. Nf3 Bg4 16. h3 Bh5 17. g4 Bg6 18. Nd2 Bxe4 19. Nxe4 Rxe4 20. Rd8+
Re8 21. Rxe8+ Kxe8 22. Bg2 c6 23. b4 Nd7 24. Kc2 Rc8 25. Kc3 b6 26. a4 Ke7 27.
Re1+ Kd6 28. f4 a5 29. Rd1+ Kc7 30. b5 cxb5 31. axb5 Nc5 32. Re1 Rd8 33. Bd5
Rd7 34. Re8 f6 35. h4 Rd8 36. Re3 Kd6 37. Bc6 1/2-1/2

[Event "Championnat de France Accession 2011"]
[Site "Caen"]
[Date "2011.08.24"]
[Round "8.14"]
[White "Brethes, Francois"]
[Black "Stephan, Victor"]
[Result "0-1"]
[WhiteElo "2213"]
[BlackElo "2280"]
[PlyCount "88"]
[EventDate "2011.??.??"]

1. c4 Nf6 2. g3 c5 3. Bg2 g6 4. Nc3 Bg7 5. d3 O-O 6. e4 Nc6 7. Nge2 d6 8. O-O
Ne8 9. Be3 Nd4 10. Rb1 a5 11. a3 Nc7 12. b4 axb4 13. axb4 Ra3 14. Bc1 Ra7 15.
Nxd4 cxd4 16. Ne2 b5 17. Nf4 e5 18. Nd5 Nxd5 19. exd5 bxc4 20. dxc4 Bf5 21. Rb2
Qc7 22. g4 Bd7 23. Qe2 Rc8 24. Bd2 Qxc4 25. Qxc4 Rxc4 26. b5 Rc8 27. b6 Rb7 28.
Ra1 Rcb8 29. Ra7 Bxg4 30. Rxb7 Rxb7 31. Bf1 d3 32. Bxd3 e4 33. Ra2 h5 34. Bxe4
Rxb6 35. Kg2 Bd4 36. Ra4 Be5 37. Bc1 Kg7 38. Rc4 Ra6 39. Bc2 Ra5 40. Bb3 Bf5
41. f3 Rb5 42. Ba2 Bd7 43. Rc7 Rc5 44. Rxd7 Rc2+ 0-1

[Event "Championnat de France Accession 2011"]
[Site "Caen"]
[Date "2011.08.24"]
[Round "8.15"]
[White "Jablonski, Noham"]
[Black "Billon, Olivier"]
[Result "1-0"]
[WhiteElo "2277"]
[BlackElo "2149"]
[PlyCount "45"]
[EventDate "2011.??.??"]

1. e4 c5 2. Nf3 Nc6 3. Bb5 Nf6 4. Bxc6 dxc6 5. d3 Bg4 6. h3 Bh5 7. Nc3 Nd7 8.
g4 Bg6 9. Bf4 c4 10. d4 Qa5 11. Qe2 e6 12. Nd2 b5 13. a4 h5 14. g5 e5 15. dxe5
Bb4 16. O-O Bxc3 17. axb5 Qxb5 18. bxc3 Nxe5 19. Rfb1 Qc5 20. Qe3 Qe7 21. Bxe5
Qxe5 22. Nxc4 Qe6 23. Qc5 1-0

[Event "Championnat de France Accession 2011"]
[Site "Caen"]
[Date "2011.08.24"]
[Round "8.18"]
[White "Soyer, Jean-Yves"]
[Black "Bleunven, Andre"]
[Result "1/2-1/2"]
[WhiteElo "2054"]
[BlackElo "2226"]
[PlyCount "45"]
[EventDate "2011.??.??"]

1. Nf3 c5 2. c4 Nf6 3. Nc3 e6 4. g3 b6 5. Bg2 Bb7 6. O-O Be7 7. Re1 d5 8. cxd5
Nxd5 9. e4 Nb4 10. d4 cxd4 11. Nxd4 N8c6 12. Be3 O-O 13. Nxc6 Bxc6 14. Re2
Qxd1+ 15. Rxd1 Rfd8 16. Red2 Rxd2 17. Rxd2 Rd8 18. Rxd8+ Bxd8 19. f4 Nd3 20. b3
Be7 21. e5 Bd7 22. Be4 Nc5 23. Bf3 1/2-1/2

[Event "Championnat de France Accession 2011"]
[Site "Caen"]
[Date "2011.08.24"]
[Round "8.19"]
[White "Mania, Clement"]
[Black "Djalal, Boris"]
[Result "0-1"]
[WhiteElo "2130"]
[BlackElo "2217"]
[PlyCount "96"]
[EventDate "2011.??.??"]

1. f4 c5 2. Nf3 Nc6 3. g3 g6 4. Bg2 Bg7 5. O-O Nf6 6. d3 O-O 7. Nc3 d6 8. Nh4
h6 9. f5 g5 10. Nf3 Nd4 11. e4 e6 12. fxe6 Bxe6 13. Ne2 Nxf3+ 14. Bxf3 d5 15.
Nc3 d4 16. Na4 b6 17. c4 dxc3 18. bxc3 Rc8 19. Be3 Qd7 20. Nb2 Ng4 21. Bd2 b5
22. Qe2 Rfd8 23. h4 gxh4 24. gxh4 h5 25. Kh1 a6 26. Rac1 Rf8 27. Nd1 Rcd8 28.
Nf2 Nxf2+ 29. Qxf2 Qxd3 30. Be3 Bg4 31. Bxg4 hxg4 32. Bxc5 Qxe4+ 33. Kg1 g3 34.
Qxg3 Rd3 35. Qg5 Rd5 36. Qe3 Qg4+ 37. Kf2 Qxh4+ 38. Ke2 Qh5+ 39. Rf3 Rxc5 40.
Rh1 Qxh1 41. Qxc5 Re8+ 42. Re3 Qg2+ 43. Kd3 Qf1+ 44. Kc2 Qf2+ 45. Kb3 Qxe3 46.
Qc6 Qe6+ 47. Ka3 Qxc6 48. c4 Bf8+ 0-1

[Event "Championnat de France Accession 2011"]
[Site "Caen"]
[Date "2011.08.24"]
[Round "8.22"]
[White "Kirk, Ezra"]
[Black "Eden, James"]
[Result "0-1"]
[WhiteElo "2132"]
[BlackElo "2151"]
[PlyCount "64"]
[EventDate "2011.??.??"]

1. d4 Nf6 2. c4 g6 3. Nc3 Bg7 4. Nf3 O-O 5. g3 d6 6. Bg2 Nc6 7. O-O e5 8. e4
exd4 9. Nxd4 Nxe4 10. Nxc6 Nxc3 11. Nxd8 Nxd1 12. Nxb7 Bxb7 13. Rxd1 Rab8 14.
Rb1 Rfe8 15. b3 Bc8 16. Be3 Bf5 17. Bxa7 Rbd8 18. Bc6 Rf8 19. Rbc1 Bb2 20. a4
Bxc1 21. Rxc1 Bd7 22. Bf3 Rfe8 23. a5 Bf5 24. Bc6 Re2 25. Be3 Ra2 26. b4 Rb8
27. Bb5 Be4 28. Re1 f5 29. Bd7 Rxb4 30. Bh6 Kf7 31. a6 Rxa6 32. g4 Rb1 0-1

[Event "Championnat de France Accession 2011"]
[Site "Caen"]
[Date "2011.08.24"]
[Round "8.23"]
[White "Godard, Maxence"]
[Black "Iwanesko, Alexandre"]
[Result "1-0"]
[WhiteElo "2352"]
[BlackElo "2217"]
[PlyCount "49"]
[EventDate "2011.??.??"]

1. d4 Nf6 2. c4 c5 3. d5 b5 4. cxb5 a6 5. bxa6 g6 6. Nc3 Bxa6 7. g3 d6 8. Bg2
Nbd7 9. Nf3 Bg7 10. O-O Nb6 11. Rb1 O-O 12. Ne1 Ra7 13. Nc2 e6 14. dxe6 fxe6
15. b4 Nbd5 16. Bd2 Nxb4 17. Nxb4 cxb4 18. Rxb4 d5 19. a4 Raf7 20. Bh3 Bc8 21.
Nb5 Ne4 22. Be3 Qa5 23. Qb3 Qd8 24. Bg2 Nf6 25. Bc5 1-0

[Event "Championnat de France Accession 2011"]
[Site "Caen"]
[Date "2011.08.24"]
[Round "8.26"]
[White "Amoyal, Pierre"]
[Black "Bouget, Alexandre"]
[Result "0-1"]
[WhiteElo "2234"]
[BlackElo "2199"]
[PlyCount "74"]
[EventDate "2011.??.??"]

1. d4 Nf6 2. c4 g6 3. Nc3 d5 4. Nf3 Bg7 5. Qa4+ Bd7 6. Qb3 dxc4 7. Qxc4 a6 8.
Bf4 c6 9. e4 Be6 10. Qb4 b5 11. Ng5 a5 12. Nxe6 axb4 13. Nxd8 bxc3 14. Bxb8
Kxd8 15. Be5 cxb2 16. Rb1 Rxa2 17. Bd3 Nh5 18. Bxg7 Nxg7 19. d5 Kc7 20. O-O Kb6
21. dxc6 Ne6 22. c7 Rc8 23. f4 Rxc7 24. Kf2 Nxf4 25. Ke3 e5 26. g3 Nxd3 27.
Kxd3 Ra4 28. Rxb2 Rd4+ 29. Ke3 Rc3+ 30. Ke2 Rxe4+ 31. Kd2 Rc7 32. Rf6+ Ka5 33.
Ra2+ Ra4 34. Rb2 Rd4+ 35. Ke2 b4 36. Ra2+ Kb5 37. Rfa6 Rc2+ 0-1

[Event "Championnat de France Accession 2011"]
[Site "Caen"]
[Date "2011.08.24"]
[Round "8.31"]
[White "Kassis, Antoine"]
[Black "Aubry, Yannis"]
[Result "1/2-1/2"]
[WhiteElo "2165"]
[BlackElo "2073"]
[PlyCount "40"]
[EventDate "2011.??.??"]

1. d4 e6 2. c4 Nf6 3. Nf3 b6 4. a3 Ba6 5. Qc2 Bb7 6. Nc3 c5 7. e4 cxd4 8. Nxd4
Bc5 9. Nb3 Nc6 10. Be2 O-O 11. Bf4 e5 12. Bg5 h6 13. Bh4 g5 14. Bg3 Nd4 15.
Nxd4 Bxd4 16. h4 Bxc3+ 17. bxc3 Bxe4 18. Qd2 Bg6 19. Bxe5 Re8 20. Bd4 Ne4
1/2-1/2

[Event "Championnat de France Accession 2011"]
[Site "Caen"]
[Date "2011.08.25"]
[Round "9.1"]
[White "Lerch, Patrice"]
[Black "Mullon, Jean-Baptiste"]
[Result "0-1"]
[WhiteElo "2356"]
[BlackElo "2400"]
[PlyCount "44"]
[EventDate "2011.??.??"]

1. e4 e6 2. Nf3 d5 3. e5 c5 4. b4 cxb4 5. a3 d4 6. axb4 Bxb4 7. Ba3 Nc6 8. Bd3
Nge7 9. O-O Ng6 10. Bxg6 hxg6 11. Qe2 Qd5 12. c4 d3 13. cxd5 dxe2 14. Re1 exd5
15. Bxb4 Nxb4 16. Nd4 Rh4 17. Nf3 Nc2 18. Nxh4 Nxe1 19. Na3 Nd3 20. Nf3 Bd7 21.
Ne1 Nxe1 22. Rxe1 Rc8 0-1

[Event "Championnat de France Accession 2011"]
[Site "Caen"]
[Date "2011.08.25"]
[Round "9.2"]
[White "Colin, Vincent"]
[Black "Bujisho, Benjamin"]
[Result "1/2-1/2"]
[WhiteElo "2410"]
[BlackElo "2369"]
[PlyCount "72"]
[EventDate "2011.??.??"]

1. d4 Nf6 2. c4 e6 3. Nc3 Bb4 4. a3 Bxc3+ 5. bxc3 c5 6. e3 O-O 7. Bd3 Nc6 8.
Ne2 b6 9. e4 Ne8 10. O-O Ba6 11. Ng3 Na5 12. f4 Bxc4 13. Bxc4 Nxc4 14. f5 cxd4
15. cxd4 f6 16. Rf4 b5 17. Rb1 Qb6 18. Kh1 Rc8 19. Rh4 Rf7 20. Rb3 Ncd6 21. Be3
Qc6 22. Bg1 Qc2 23. Qf3 a5 24. Rd3 b4 25. axb4 axb4 26. Ne2 exf5 27. exf5 h6
28. d5 Nxf5 29. Qxf5 Qxe2 30. Re3 Qd1 31. Rd4 Qa1 32. d6 b3 33. Rxb3 Rc1 34.
Qf2 Rf1 35. Qe3 Re1 36. Qf2 Rf1 1/2-1/2

[Event "Championnat de France Accession 2011"]
[Site "Caen"]
[Date "2011.08.25"]
[Round "9.3"]
[White "Dubessay, Bastien"]
[Black "Tirard, Hugo"]
[Result "1-0"]
[WhiteElo "2310"]
[BlackElo "2470"]
[PlyCount "63"]
[EventDate "2011.??.??"]

1. d4 Nf6 2. c4 c5 3. d5 b5 4. cxb5 a6 5. bxa6 g6 6. g3 d6 7. Bg2 Bg7 8. Nf3
O-O 9. Nc3 Nbd7 10. O-O Qa5 11. Bd2 Qxa6 12. b3 Bb7 13. e4 e6 14. dxe6 fxe6 15.
Re1 d5 16. Ng5 h6 17. Nh3 dxe4 18. Nf4 Ne5 19. Na4 Rac8 20. Bc3 Rfd8 21. Qc2
Nd3 22. Nxg6 Nxe1 23. Rxe1 Rc7 24. Be5 Rcd7 25. Nxc5 Qc6 26. Bxf6 Bxf6 27. Bxe4
Rd5 28. Nxb7 Qxb7 29. Bxd5 exd5 30. Nf4 d4 31. Qg6+ Bg7 32. Nh5 1-0

[Event "Championnat de France Accession 2011"]
[Site "Caen"]
[Date "2011.08.25"]
[Round "9.4"]
[White "Bissieres, Matthieu"]
[Black "Saada, Julien"]
[Result "1/2-1/2"]
[WhiteElo "2352"]
[BlackElo "2310"]
[PlyCount "84"]
[EventDate "2011.??.??"]

1. e4 c6 2. d4 d5 3. Nc3 dxe4 4. Nxe4 Bf5 5. Ng3 Bg6 6. h4 h6 7. Nf3 Nd7 8. h5
Bh7 9. Bd3 Bxd3 10. Qxd3 Qc7 11. Bd2 Ngf6 12. Ne4 e6 13. O-O-O O-O-O 14. g3
Nxe4 15. Qxe4 Nf6 16. Qe2 Bd6 17. c4 c5 18. Bc3 cxd4 19. Nxd4 a6 20. Kb1 Kb8
21. Nb3 Qc6 22. Na5 Qb6 23. Qf3 Be7 24. a3 Ka8 25. b4 Rxd1+ 26. Rxd1 Rd8 27.
Rxd8+ Bxd8 28. Bd4 Qc7 29. c5 Nd5 30. Bxg7 f6 31. Qg4 Qe5 32. Bxh6 Bxa5 33.
bxa5 Qe1+ 34. Bc1 Qxf2 35. Bb2 Qe1+ 36. Ka2 Nc3+ 37. Bxc3 Qxc3 38. Qd1 Qc4+ 39.
Kb2 Qb5+ 40. Ka1 Qxa5 41. Qc1 Qd8 42. h6 Qd3 1/2-1/2

[Event "Championnat de France Accession 2011"]
[Site "Caen"]
[Date "2011.08.25"]
[Round "9.5"]
[White "Velten, Paul"]
[Black "Collas, Didier"]
[Result "0-1"]
[WhiteElo "2309"]
[BlackElo "2399"]
[PlyCount "68"]
[EventDate "2011.??.??"]

1. d4 Nf6 2. Nf3 e6 3. g3 b5 4. Bg2 Bb7 5. O-O c5 6. a4 b4 7. c4 cxd4 8. b3
Bxf3 9. exf3 Nc6 10. Bb2 Bc5 11. f4 O-O 12. Nd2 Rc8 13. Nf3 d5 14. cxd5 Nxd5
15. Nxd4 Nxd4 16. Bxd4 Nc3 17. Bxc3 bxc3 18. Qc2 Qd2 19. Be4 Rfd8 20. Bxh7+ Kh8
21. Rfd1 Bxf2+ 22. Kf1 Bd4 23. Bd3 Qe3 24. Kg2 Bc5 25. Ra2 Bb4 26. Bc4 Rd2+ 27.
Rxd2 cxd2 28. Qd1 Qe4+ 29. Kh3 g6 30. Rxd2 Bxd2 31. Qxd2 Kg7 32. Kg4 Rh8 33.
Qc3+ f6 34. h4 Rxh4+ 0-1

[Event "Championnat de France Accession 2011"]
[Site "Caen"]
[Date "2011.08.25"]
[Round "9.6"]
[White "Benitah, Yohan"]
[Black "Castro, John"]
[Result "1/2-1/2"]
[WhiteElo "2392"]
[BlackElo "2189"]
[PlyCount "81"]
[EventDate "2011.??.??"]

1. d4 Nf6 2. c4 g6 3. Nc3 Bg7 4. e4 d6 5. Nf3 O-O 6. Be2 e5 7. O-O Nc6 8. d5
Ne7 9. Ne1 Nd7 10. Nd3 c5 11. a3 f5 12. f3 f4 13. b4 b6 14. Bd2 g5 15. Rb1 Rf6
16. Nf2 Rg6 17. Na4 Nf6 18. bxc5 bxc5 19. Nc3 h5 20. h3 Kh8 21. Nb5 Neg8 22.
Rb3 Nh6 23. Qe1 Ne8 24. Ba5 Qe7 25. Qd1 Bf6 26. Kh1 Qd7 27. Rg1 Bd8 28. Bd2 Qh7
29. g3 fxg3 30. Rxg3 a6 31. Nc3 g4 32. fxg4 hxg4 33. Bxh6 Qxh6 34. Nxg4 Bxg4
35. Bxg4 Nf6 36. Kg2 Ba5 37. Qe2 Rag8 38. Nd1 Bd2 39. Nf2 Bf4 40. Rgd3 Bg5 41.
Rf3 1/2-1/2

[Event "Championnat de France Accession 2011"]
[Site "Caen"]
[Date "2011.08.25"]
[Round "9.7"]
[White "Bellahcene, Bilel"]
[Black "Song, Julien"]
[Result "1-0"]
[WhiteElo "2231"]
[BlackElo "2336"]
[PlyCount "61"]
[EventDate "2011.??.??"]

1. Nf3 Nf6 2. g3 b5 3. Bg2 Bb7 4. O-O e6 5. a4 b4 6. d4 Be7 7. c3 Na6 8. Nbd2
O-O 9. Re1 d5 10. Ne5 c5 11. Nd3 bxc3 12. bxc3 Ne4 13. Nxe4 dxe4 14. Rb1 Rb8
15. Bf4 Bd6 16. Nxc5 Nxc5 17. dxc5 Bxf4 18. gxf4 Qxd1 19. Rexd1 Bd5 20. e3 f5
21. Bf1 Rxb1 22. Rxb1 Rc8 23. Ba6 Rc7 24. Rb8+ Kf7 25. c4 Bc6 26. a5 e5 27.
fxe5 Ke6 28. Bb5 Kxe5 29. Kg2 Ke6 30. a6 Bd7 31. Rb7 1-0

[Event "Championnat de France Accession 2011"]
[Site "Caen"]
[Date "2011.08.25"]
[Round "9.8"]
[White "Saucey, Michel"]
[Black "Fantinel, Thibault"]
[Result "1-0"]
[WhiteElo "2319"]
[BlackElo "2266"]
[PlyCount "76"]
[EventDate "2011.??.??"]

1. d4 Nf6 2. Nf3 e6 3. e3 c5 4. Bd3 d5 5. b3 Nbd7 6. O-O b6 7. Bb2 Bb7 8. c4
Be7 9. Nc3 O-O 10. Qe2 cxd4 11. exd4 Rc8 12. Rfd1 Qc7 13. Ne5 Rfd8 14. Rac1 Qb8
15. f4 g6 16. a4 Bb4 17. Kh1 Qa8 18. Rc2 dxc4 19. bxc4 Nb8 20. d5 exd5 21. Na2
Bf8 22. Nxg6 hxg6 23. Bxf6 Re8 24. Qg4 Rc6 25. Be5 Rce6 26. Nc3 Nd7 27. Nxd5
Nxe5 28. fxe5 Bxd5 29. cxd5 Rxe5 30. Rf1 Re1 31. Rcf2 Qc8 32. Qf3 Rxf1+ 33.
Rxf1 Qc7 34. h4 Bh6 35. d6 Qd8 36. Qxf7+ Kh8 37. Rf6 Rg8 38. h5 Rg7 1-0

[Event "Championnat de France Accession 2011"]
[Site "Caen"]
[Date "2011.08.25"]
[Round "9.9"]
[White "Olivier, Jean-Christophe"]
[Black "Dionisi, Thomas"]
[Result "1/2-1/2"]
[WhiteElo "2388"]
[BlackElo "2191"]
[PlyCount "96"]
[EventDate "2011.??.??"]

1. e4 c5 2. Nf3 Nc6 3. d4 cxd4 4. Nxd4 e5 5. Nb5 d6 6. N1c3 a6 7. Na3 b5 8. Nd5
Nge7 9. c4 Nd4 10. Be3 Nxd5 11. cxd5 Be7 12. Bd3 O-O 13. O-O Bf6 14. Qd2 Re8
15. Rfc1 Bd7 16. Nc2 Qb6 17. Nxd4 exd4 18. Bf4 a5 19. Bg3 g6 20. Rc2 Rac8 21.
Rac1 b4 22. f3 Be5 23. Rxc8 Rxc8 24. Rxc8+ Bxc8 25. f4 Bg7 26. Bf2 Bd7 27. Kf1
Qc5 28. Ke2 f5 29. exf5 Qxd5 30. fxg6 hxg6 31. Kf1 Qxa2 32. Qc1 Be6 33. h3 a4
34. g4 Qb3 35. Ke2 a3 36. bxa3 Qxa3 37. Qc7 Qa2+ 38. Kf3 Qb3 39. Ke2 Qa2+ 40.
Kf1 Qb3 41. Qb8+ Kh7 42. Qb5 Bd5 43. Be1 Qa2 44. Bxb4 Qg2+ 45. Ke1 Qg3+ 46. Kd1
Qxh3 47. Kc2 Qg2+ 48. Bd2 Be4 1/2-1/2

[Event "Championnat de France Accession 2011"]
[Site "Caen"]
[Date "2011.08.25"]
[Round "9.10"]
[White "Fayard, Alain"]
[Black "Crut, Aurelien"]
[Result "0-1"]
[WhiteElo "2219"]
[BlackElo "2317"]
[PlyCount "128"]
[EventDate "2011.??.??"]

1. d4 d5 2. c4 e6 3. Nc3 c6 4. e4 dxe4 5. Nxe4 Bb4+ 6. Bd2 Qxd4 7. Bxb4 Qxe4+
8. Be2 Na6 9. Ba5 f6 10. Qd8+ Kf7 11. Nf3 b6 12. Bc3 Nc5 13. Nd2 Qf5 14. Nb3
Ne4 15. O-O Nxc3 16. bxc3 Ne7 17. Qc7 Qe5 18. Qxe5 fxe5 19. Rfd1 c5 20. Bf3 Rf8
21. Nd2 Nf5 22. Ne4 Ke7 23. Rd2 Ba6 24. Rad1 Rfd8 25. Rxd8 Rxd8 26. Rxd8 Kxd8
27. Be2 Ke7 28. Nd2 Nd6 29. f3 Bb7 30. Bd3 h6 31. Kf2 Kf6 32. Ke3 Nf5+ 33. Kf2
Bc6 34. Ke2 g5 35. Be4 Be8 36. Bc2 Nd6 37. Ne4+ Nxe4 38. Bxe4 Bd7 39. g4 Be8
40. Kd2 Ke7 41. Kc2 Kd6 42. Kb3 h5 43. h3 h4 44. Ka3 a6 45. Kb2 Ba4 46. Kc1 b5
47. a3 Bb3 48. cxb5 axb5 49. Kd2 Bc4 50. Ke3 Kc7 51. Bc2 Bf1 52. Kf2 Bxh3 53.
Bd3 Kb6 54. Be2 Ka5 55. Bd1 e4 56. fxe4 e5 57. Kg1 c4 58. Kf2 Bxg4 59. Bxg4 Ka4
60. Ke3 Kxa3 61. Bd7 Kb2 62. Kd2 b4 63. cxb4 c3+ 64. Ke2 c2 0-1

[Event "Championnat de France Accession 2011"]
[Site "Caen"]
[Date "2011.08.25"]
[Round "9.11"]
[White "Djalal, Boris"]
[Black "Coursaget, Nicolas"]
[Result "0-1"]
[WhiteElo "2217"]
[BlackElo "2307"]
[PlyCount "46"]
[EventDate "2011.??.??"]

1. e4 Nf6 2. e5 Nd5 3. d4 d6 4. Nf3 Bg4 5. Be2 c6 6. O-O Bxf3 7. Bxf3 dxe5 8.
dxe5 e6 9. Qe2 Nd7 10. a3 Qc7 11. Re1 Bc5 12. Qe4 Qb6 13. Re2 Bd4 14. Nd2 Nxe5
15. Bh5 Nf6 16. Qh4 O-O-O 17. c3 Ng6 18. Bxg6 hxg6 19. Qg3 Bc5 20. h3 Rh5 21.
c4 Rf5 22. Rb1 Nh5 23. Qh4 Nf4 0-1

[Event "Championnat de France Accession 2011"]
[Site "Caen"]
[Date "2011.08.25"]
[Round "9.14"]
[White "Loiseau, Quentin"]
[Black "Favarel, Julien"]
[Result "1/2-1/2"]
[WhiteElo "2142"]
[BlackElo "2222"]
[PlyCount "45"]
[EventDate "2011.??.??"]

1. d4 d6 2. c4 e5 3. Nc3 Nd7 4. e4 Ngf6 5. Nf3 g6 6. Be2 Bg7 7. O-O O-O 8. Be3
Ng4 9. Bg5 f6 10. Bh4 c6 11. d5 c5 12. Ne1 Nh6 13. Nd3 g5 14. Bg3 f5 15. exf5
Nxf5 16. Ne4 h6 17. Bg4 Nf6 18. Nxf6+ Qxf6 19. Re1 Nd4 20. Bxc8 Raxc8 21. Re4
Qg6 22. f3 b5 23. b3 1/2-1/2

[Event "Championnat de France Accession 2011"]
[Site "Caen"]
[Date "2011.08.25"]
[Round "9.19"]
[White "Bouget, Alexandre"]
[Black "Godard, Maxence"]
[Result "1/2-1/2"]
[WhiteElo "2199"]
[BlackElo "2352"]
[PlyCount "59"]
[EventDate "2011.??.??"]

1. d4 Nf6 2. c4 e6 3. Nc3 Bb4 4. a3 Bxc3+ 5. bxc3 b6 6. f3 O-O 7. e4 Ne8 8. Nh3
Nc6 9. Bd3 Ba6 10. Qe2 Na5 11. O-O Nb3 12. Bg5 f6 13. Rab1 Nxd4 14. cxd4 fxg5
15. e5 Bb7 16. f4 gxf4 17. Qh5 g6 18. Bxg6 Qe7 19. Nxf4 Qg7 20. Nxe6 Rxf1+ 21.
Rxf1 hxg6 22. Rf8+ Qxf8 23. Qxg6+ Ng7 24. Nxf8 Rxf8 25. h4 Rf5 26. Qg4 b5 27.
h5 bxc4 28. h6 Rf7 29. Qg6 Bd5 30. hxg7 1/2-1/2

[Event "Championnat de France Accession 2011"]
[Site "Caen"]
[Date "2011.08.25"]
[Round "9.20"]
[White "Loiret, Stanislas"]
[Black "Kambrath, Yannick"]
[Result "0-1"]
[WhiteElo "2267"]
[BlackElo "2132"]
[PlyCount "58"]
[EventDate "2011.??.??"]

1. e4 e5 2. Nf3 Nc6 3. Bb5 Bc5 4. O-O Nd4 5. Nxd4 Bxd4 6. c3 Bb6 7. d4 c6 8.
Bc4 d6 9. Qb3 Qe7 10. a4 Nf6 11. a5 Bc7 12. Bg5 h6 13. Bxf6 Qxf6 14. dxe5 dxe5
15. Nd2 O-O 16. Rfe1 Bxa5 17. Rxa5 Qd8 18. Rxe5 Qxd2 19. Rd1 Qf4 20. Re7 Bg4
21. f3 Bxf3 22. Rdd7 Qg5 23. Bf1 Qe3+ 24. Kh1 Qf2 25. Qc4 Bg4 26. Rxb7 Rad8 27.
h3 Rd1 28. Rxf7 Rxf7 29. Rxf7 Qxf7 0-1

[Event "Championnat de France Accession 2011"]
[Site "Caen"]
[Date "2011.08.25"]
[Round "9.22"]
[White "Billon, Olivier"]
[Black "Decosse, Jean-Fabien"]
[Result "1/2-1/2"]
[WhiteElo "2149"]
[BlackElo "2208"]
[PlyCount "33"]
[EventDate "2011.??.??"]

1. d4 Nf6 2. c4 e6 3. Nc3 d5 4. cxd5 exd5 5. e3 c6 6. Bd3 Be7 7. Nf3 O-O 8. O-O
Bg4 9. Re1 Nbd7 10. e4 dxe4 11. Nxe4 Nxe4 12. Bxe4 Bxf3 13. Qxf3 Nf6 14. Bc2
Qc7 15. Bg5 Rfe8 16. Bxf6 Bxf6 17. Qf5 1/2-1/2

[Event "Championnat de France Accession 2011"]
[Site "Caen"]
[Date "2011.08.25"]
[Round "9.23"]
[White "Jeanne, Mickael"]
[Black "Mania, Clement"]
[Result "1-0"]
[WhiteElo "2204"]
[BlackElo "2130"]
[PlyCount "93"]
[EventDate "2011.??.??"]

1. Nf3 f5 2. c4 Nf6 3. g3 g6 4. Bg2 Bg7 5. O-O O-O 6. d4 d6 7. Nc3 Nc6 8. d5
Ne5 9. Nxe5 dxe5 10. Qb3 h6 11. c5 Kh8 12. Rd1 g5 13. Bd2 a6 14. Na4 Qe8 15.
Ba5 Bd7 16. Nc3 b6 17. cxb6 cxb6 18. Qxb6 Rb8 19. Qxa6 e4 20. Bc7 Ra8 21. Qb6
Qh5 22. Be5 e3 23. fxe3 f4 24. exf4 gxf4 25. gxf4 Rg8 26. Rd3 Bg4 27. Re1 Nd7
28. Bxg7+ Rxg7 29. Qd4 Rag8 30. Ne4 Qh4 31. Rg3 Bf5 32. Rf1 Bxe4 33. Rxg7 Rxg7
34. Qxe4 Nf6 35. Qf3 Ng4 36. h3 Nf6 37. Rc1 Kg8 38. Qe3 Kh7 39. Kf1 Rf7 40.
Be4+ Kg7 41. Bg2 Ne8 42. Qe5+ Kh7 43. e3 Nd6 44. Be4+ Kg8 45. Rc2 Nxe4 46. Qxe4
Qxh3+ 47. Qg2+ 1-0

[Event "Championnat de France Accession 2011"]
[Site "Caen"]
[Date "2011.08.25"]
[Round "9.26"]
[White "Domenech, Vianney"]
[Black "Amoyal, Pierre"]
[Result "1-0"]
[WhiteElo "2158"]
[BlackElo "2234"]
[PlyCount "65"]
[EventDate "2011.??.??"]

1. d4 Nf6 2. Bf4 d5 3. e3 c5 4. c3 Nc6 5. Nd2 Qb6 6. Qb3 c4 7. Qc2 g6 8. e4 e6
9. e5 Nd7 10. Ngf3 Bg7 11. h4 h6 12. g4 Nf8 13. Bg2 Bd7 14. O-O f6 15. exf6
Bxf6 16. b3 cxb3 17. Nxb3 g5 18. hxg5 hxg5 19. Bg3 Na5 20. Nc5 Qd8 21. Rfe1 b6
22. Na6 Rc8 23. Ne5 Bb5 24. Nb4 Bxe5 25. Bxe5 Rh6 26. Bg7 Rh4 27. Bxf8 Kxf8 28.
Rxe6 Rc7 29. a4 Be8 30. Rae1 Bf7 31. Qf5 Kg7 32. Qe5+ Kg8 33. Rd6 1-0